Analýza prístupov k stanoveniu výrobnej kapacity podniku bakalárska práca

Guardado en:
Detalles Bibliográficos
Autor principal: Bomba, Peter
Autor Corporativo: Fakulta podnikového manažmentu EU. Katedra podnikovohospodárska
Otros Autores: Šagátová, Slavka, 1975-
Formato: Libro
Lenguaje:eslovaco
Publicado: Bratislava 2019
Etiquetas: Agregar Etiqueta
Sin Etiquetas, Sea el primero en etiquetar este registro!

MARC

LEADER 00000nbm a2200000 4500
001 0255501
005 20191125141136.5
041 0 |a slo 
044 |a SK 
245 1 0 |a Analýza prístupov k stanoveniu výrobnej kapacity podniku  |b bakalárska práca  |c Peter Bomba ; školiteľ: Slavka Šagátová 
264 1 |a Bratislava  |c 2019 
300 |a 45 s. 
100 1 |a Bomba, Peter 
700 1 |a Šagátová, Slavka, 1975- 
710 2 |a Fakulta podnikového manažmentu EU. Katedra podnikovohospodárska